Elsevier's dictionary of library science, information and documentation : (Record no. 44679)

MARC details
000 -LEADER
campo de control de longitud fija 00954nam a2200229 i 4500
001 - NÚMERO DE CONTROL
campo de control 44679
003 - IDENTIFICADOR DE NÚMERO DE CONTROL
campo de control ES-MaACL
005 - FECHA Y HORA DE LA ÚLTIMA TRANSACCIÓN
campo de control 20230906161057.0
007 - CAMPO FIJO DE DESCRIPCIÓN FÍSICA--INFORMACIÓN GENERAL
campo de control de longitud fija t|
008 - DATOS DE LONGITUD FIJA--INFORMACIÓN GENERAL
campo de control de longitud fija 030324s1976 ne d ||||1| eng d
020 ## - NÚMERO INTERNACIONAL ESTÁNDAR DEL LIBRO
Número Internacional Estándar del Libro 0-444-41475-4
100 1# - ENTRADA PRINCIPAL--NOMBRE DE PERSONA
Nombre de persona Clason, W. E.
9 (RLIN) 39073
245 10 - MENCIÓN DEL TÍTULO
Título Elsevier's dictionary of library science, information and documentation :
Resto del título in six languages : English/American, French, Spanish, Italian, Dutch and German /
Mención de responsabilidad, etc. compiled and arranged on an English alphabetical basis by W.E. Clason ; with Arabic supplement by Shawky Salem.
246 3# - FORMA VARIANTE DEL TITULO
Título propio/Titulo breve Dictionary of library science, information and documentation
250 ## - MENCION DE EDICION
Mención de edición 2nd printing.
260 ## - PUBLICACIÓN, DISTRIBUCIÓN, ETC.
Lugar de publicación, distribución, etc. Amsterdam :
Nombre del editor, distribuidor, etc. Elsevier Scientific,
Fecha de publicación, distribución, etc. 1976.
300 ## - DESCRIPCIÓN FÍSICA
Extensión 708 p. ;
Dimensiones 23 cm.
650 #4 - PUNTO DE ACCESO ADICIONAL DE MATERIA--TÉRMINO DE MATERIA
Término de materia o nombre geográfico como elemento de entrada Biblioteconomía-
Subdivisión de forma Diccionarios políglotas.
9 (RLIN) 170681
650 #4 - PUNTO DE ACCESO ADICIONAL DE MATERIA--TÉRMINO DE MATERIA
Término de materia o nombre geográfico como elemento de entrada Documentación-
Subdivisión de forma Diccionarios políglotas.
9 (RLIN) 170682
700 1# - ENTRADA AGREGADA--NOMBRE PERSONAL
Nombre de persona Salem, Shawky.
9 (RLIN) 101869
852 4# - LOCALIZACIÓN
Ubicación ES-MaACL
Número de control de estantería L-6901
Holdings
Estatus retirado Estado de pérdida Fuente del sistema de clasificación o colocación Estado de daño No para préstamo Colección Biblioteca de origen Biblioteca actual Ubicación en estantería Fecha de adquisición Total de préstamos Signatura topográfica completa Código de barras Visto por última vez Precio de reemplazo Tipo de ítem Koha
    Clasificación decimal universal     Biblioteca profesional Biblioteca del Ateneo de Madrid Biblioteca del Ateneo de Madrid Depósito 2 17/01/2008   L-6901 1047023 23/02/2023 23/02/2023 Libro impreso